Law and social security in India ( organised and unorganised labour) : a comparison with other advanced countries (Record no. 503376)

000 -LEADER
fixed length control field 00402cam a22001097a 4500
008 - FIXED-LENGTH DATA ELEMENTS--GENERAL INFORMATION
fixed length control field 180718b2015 xxu||||| |||| 00| 0 eng d
020 ## - INTERNATIONAL STANDARD BOOK NUMBER
International Standard Book Number 9789383833214
100 ## - MAIN ENTRY--PERSONAL NAME
Personal name Koormachalam, Vishnu Murthy
245 ## - TITLE STATEMENT
Title Law and social security in India ( organised and unorganised labour) : a comparison with other advanced countries
Statement of responsibility, etc. by Vishnu Murthy Koormachalam
260 ## - PUBLICATION, DISTRIBUTION, ETC.
Place of publication, distribution, etc. Mumbai
Name of publisher, distributor, etc. Aarti
Date of publication, distribution, etc. 2015
300 ## - PHYSICAL DESCRIPTION
Extent 687p.
Holdings
Withdrawn status Lost status Damaged status Not for loan Permanent Location Current Location Date acquired Barcode Date last seen Price effective from Koha item type
        Indian Institute of Public Administration Indian Institute of Public Administration 2018-08-04 GR19904 2018-08-04 2018-08-04 GR

Powered by Koha